Geoheritage and Geotourism Resources (Record no. 47827)
[ view plain ]
| 000 -LEADER | |
|---|---|
| fixed length control field | 02326nam a2200277Ia 4500 |
| 000 - LEADER | |
| fixed length control field | 04567naaa 01033uu |
| 001 - CONTROL NUMBER | |
| control field | https://directory.doabooks.org/handle/20.500.12854/68952 |
| 005 - DATE AND TIME OF LATEST TRANSACTION | |
| control field | 20260218105721.0 |
| 008 - FIXED-LENGTH DATA ELEMENTS--GENERAL INFORMATION | |
| fixed length control field | 211013s9999 xx 000 0 und d |
| 020 ## - INTERNATIONAL STANDARD BOOK NUMBER | |
| International Standard Book Number | 9783039367887 |
| 024 ## - OTHER STANDARD IDENTIFIER | |
| Standard number or code | 10.3390/books978-3-03936-789-4 |
| 042 ## - AUTHENTICATION CODE | |
| Authentication code | dc |
| 245 #0 - TITLE STATEMENT | |
| Title | Geoheritage and Geotourism Resources |
| 260 ## - PUBLICATION, DISTRIBUTION, ETC. | |
| Place of publication, distribution, etc. | Basel, Switzerland |
| Name of publisher, distributor, etc. | MDPI - Multidisciplinary Digital Publishing Institute |
| Date of publication, distribution, etc. | 2020 |
| 300 ## - PHYSICAL DESCRIPTION | |
| Extent | 1 electronic resource (362 p.) |
| 520 ## - SUMMARY, ETC. | |
| Summary, etc. | This Special Issue outlines the role of geoheritage and geotourism as potential touristic resources of a region. The term geoheritage refers to a particular type of natural resources represented by sites of special geological significance, rarity or beauty that are representative of a region and of its geological history, events, and processes. These sites are also known as geosites and, as well as archaeological, architectonic, and historical sites, can be considered as part of the cultural estate of a country. Geotourism is an emerging type of sustainable tourism, which concentrates on geosites, focusing on visitor knowledge, environmental education, and amusement. Geotourism may be very useful for geological sciences divulgation and may provide additional opportunities for the development of rural areas, generally not included among the main touristic attractions. The collected papers focused on these main topics with different methods and approaches and can be grouped as follows: i) papers dealing with geosite promotion and valorization in protected areas; ii) papers dealing with geosite promotion and valorization in non-protected areas; iii) papers dealing with geosite promotion by exhibition, remote sensing analysis, and apps; iv) papers investigating geotourism and geoheritage from tourists's 2019; perspectives. |
| 540 ## - TERMS GOVERNING USE AND REPRODUCTION NOTE | |
| Terms governing use and reproduction | Creative Commons |
| 653 ## - INDEX TERM--UNCONTROLLED | |
| Uncontrolled term | geotourism resources |
| 700 1# - ADDED ENTRY--PERSONAL NAME | |
| Personal name | Santangelo, Nicoletta |
| 700 1# - ADDED ENTRY--PERSONAL NAME | |
| Personal name | Santangelo, Nicoletta |
| 700 1# - ADDED ENTRY--PERSONAL NAME | |
| Personal name | Valente, Ettore |
| 700 1# - ADDED ENTRY--PERSONAL NAME | |
| Personal name | Valente, Ettore |
| 856 ## - ELECTRONIC LOCATION AND ACCESS | |
| Uniform Resource Identifier | <a href="https://docs.google.com/spreadsheets/d/1yKIrdCPDAG_9c22mwoOIO2DOhtj65Wqa/edit?usp=sharing&ouid=106555315294820607512&rtpof=true&sd=true ">https://docs.google.com/spreadsheets/d/1yKIrdCPDAG_9c22mwoOIO2DOhtj65Wqa/edit?usp=sharing&ouid=106555315294820607512&rtpof=true&sd=true </a> |
| Link text | List of Curated E-Books |
| 942 ## - ADDED ENTRY ELEMENTS (KOHA) | |
| Koha item type | E-Book |
| Withdrawn status | Source of classification or shelving scheme | Damaged status | Not for loan | Home library | Current library | Date acquired | Total Checkouts | Date last seen | Price effective from | Koha item type |
|---|---|---|---|---|---|---|---|---|---|---|
| Library of Congress Classification | Not For Loan | Directory of Open Access Books | Directory of Open Access Books | 12/22/2021 | 12/22/2021 | 12/22/2021 | E-Book |